00513nam a22001577a 450000500170000001000150001702000260003203500140005803700130007208200100008510000180009524500760011326000510018927000900024030000250033020220406124806.0 aENG-132104 a9788121931465c575.00 aEN-115636 bDBAD/PUB a624.1 aDayaratnam, P aStructural Engineering:bConventional And Objective Type/cP Dayaratnam aNew Delhi bS.Chand And Company Limited c2009 a7361,Ram Nagar, Qutab Road bNew Delhi e110055k23672080minfo@schandpublishing.com  axxii,577pc24cm(pbk)